000 00934 a2200241 4500
020 _a1402037678
020 _a1402037686
035 _a(OCoLC)ocm65166122
040 _aDLC
_bDLC
082 0 0 _a025.04
100 1 _aKruschwitz, Udo.
245 1 0 _aIntelligent document retrieval: exploiting markup structure
_bexploiting markup structure
_cUdo Kruschwitz
260 _aDordrecht, Netherlands :
_bSpringer,
_cc2005.
300 _axvi, 197 p. :
_bill. ;
_c25 cm.
440 0 _aSpringer international series on information retrieval ;
_v17
650 0 _aInternet searching.
650 0 _aText processing (Computer science)
650 0 _aDocument markup languages.
650 0 _aComputational linguistics.
856 4 1 _3Table of contents only
_uhttp://www.loc.gov/catdir/toc/fy0610/2006295962.html
856 4 1 _3Publisher description
_uhttp://www.loc.gov/catdir/enhancements/fy0663/2006295962-d.html
942 _cBK
_k025.04 KRU
_2ddc
999 _c6741
_d6741